Enhancement of Industrial Energy Efficiency and Sustainability (Record no. 25269)

MARC details
000 -LEADER
fixed length control field 01384nam a2200133Ia 4500
008 - FIXED-LENGTH DATA ELEMENTS--GENERAL INFORMATION
fixed length control field 220620s9999||||xx |||||||||||||| ||und||
020 ## - INTERNATIONAL STANDARD BOOK NUMBER
International Standard Book Number 9783040000000
245 #0 - TITLE STATEMENT
Title Enhancement of Industrial Energy Efficiency and Sustainability
546 ## - LANGUAGE NOTE
Language note English[eng]
650 ## - SUBJECT ADDED ENTRY--TOPICAL TERM
Topical term or geographic name entry element contaminated soil||polluted soil||thermal desorption||thermal remediation||energy analysis and exergy analysis||energy saving||heat integration||operability||retrofit||oil refinery||interviews||heat transfer||waste heat recovery||dusty flue gas||granular bed||buried tubes||iron and steel industry||techno-economic pathways||decarbonization||CO2 emissions||carbon abatement measures||construction||building||supply chain||roadmap||heavy industry||carbon abatement||emissions reduction||climate transition||multi-agent cooperation||reduced-dimension Q(λ)||optimal carbon-energy combined-flow||energy efficiency||compressed air systems||energy efficiency measures||nonenergy benefits||assessment factors||industrial energy efficiency||energy efficiency culture||energy efficiency practices||energy management||cogeneration||trigeneration||sustainability||tropical climate country||biomass||advanced exergoeconomic analysis||spray dryer||exergy destruction cost rate||energy management practices||assessment model
700 ## - ADDED ENTRY--PERSONAL NAME
Personal name Trianni, Andrea
856 ## - ELECTRONIC LOCATION AND ACCESS
Uniform Resource Identifier <a href="https://mdpi.com/books/pdfview/book/4172">https://mdpi.com/books/pdfview/book/4172</a>
942 ## - ADDED ENTRY ELEMENTS (KOHA)
Koha item type E-Books
Holdings
Withdrawn status Lost status Damaged status Not for loan Home library Current library Date acquired Total Checkouts Date last seen Price effective from Koha item type
        Kerala University of Digital Sciences, Innovation and Technology Knowledge Centre Kerala University of Digital Sciences, Innovation and Technology Knowledge Centre 20/06/2022   20/06/2022 20/06/2022 E-Books